[Event "IV Festival A"]
[Site "Lido degli Estensi - Comacchio ITA"]
[Date "2003.06.10"]
[Round "4"]
[White "Rotstein, Arkadij"]
[Black "Wohl, Aleksandar H."]
[Result "1-0"]
[WhiteElo "2514"]
[BlackElo "2401"]
[PlyCount "115"]
[EventDate "2003.06.06"]

1. Nf3 b6 2. e4 Bb7 3. Nc3 e6 4. d4 Ne7 5. Bd3 d6 6. h4 Nd7 7. h5 h6 8. Ne2 c5
9. c3 cxd4 10. cxd4 a6 11. Ng3 Nc6 12. Bd2 Be7 13. Qe2 b5 14. O-O Bf6 15. d5
Nce5 16. Nxe5 Nxe5 17. dxe6 fxe6 18. Bc3 O-O 19. Rad1 Qb6 20. Bc2 b4 21. Bd2
Rac8 22. Bb3 d5 23. Be3 Qa5 24. exd5 Bxd5 25. Bd4 Bxb3 26. axb3 Rcd8 27. Kh1
Rd5 28. f4 Qd8 29. fxe5 Rxd4 30. exf6 Rxf6 31. Rxd4 Qxd4 32. Rxf6 Qxf6 33. Ne4
Qe5 34. g4 a5 35. Kg2 Kh8 36. Kf3 Qd5 37. Qc2 e5 38. Ke2 Qd7 39. Nf2 Qd4 40.
Qd2 Qc5 41. g5 hxg5 42. Ne4 Qc8 43. Qxg5 Qc2+ 44. Nd2 Qxb2 45. h6 gxh6 46.
Qxh6+ Kg8 47. Qg6+ Kf8 48. Qf6+ Ke8 49. Qc6+ Ke7 50. Qc5+ Kf6 51. Qxa5 Qd4 52.
Qa6+ Ke7 53. Qb7+ Kf6 54. Qe4 Qc5 55. Qh4+ Kg6 56. Qg4+ Kh6 57. Qe6+ Kh5 58.
Nc4 1-0

[Event "IV Festival A"]
[Site "Lido degli Estensi - Comacchio ITA"]
[Date "2003.06.10"]
[Round "4"]
[White "Thompson, Ian D."]
[Black "Sulava, Nenad"]
[Result "1-0"]
[WhiteElo "2290"]
[BlackElo "2516"]
[PlyCount "83"]
[EventDate "2003.06.06"]

1. c4 b6 2. Nc3 e6 3. e4 Bb7 4. Nge2 Nf6 5. Ng3 h5 6. h4 c5 7. d3 g6 8. Bg5 Be7
9. e5 Ng4 10. Bxe7 Kxe7 11. d4 d6 12. exd6+ Qxd6 13. d5 exd5 14. cxd5 Qf4 15.
Qf3 Qxf3 16. gxf3 Ne5 17. O-O-O Nbd7 18. f4 Ng4 19. Bg2 Kf8 20. Nge4 Kg7 21.
Rd2 Rhd8 22. f5 Ndf6 23. Nxf6 Nxf6 24. fxg6 fxg6 25. Ne4 Nxe4 26. Bxe4 Rd6 27.
Rg1 Rf8 28. f3 Bc8 29. Rg5 Bf5 30. Kc2 b5 31. Kc3 Rff6 32. Bxf5 Rxf5 33. Rxf5
gxf5 34. b4 c4 35. a4 bxa4 36. Kxc4 Kf6 37. Kc5 Rd8 38. Kc6 a3 39. d6 Ke5 40.
Kc7 Rg8 41. d7 Kf4 42. Rd3 1-0

[Event "IV Festival A"]
[Site "Lido degli Estensi - Comacchio ITA"]
[Date "2003.06.10"]
[Round "4"]
[White "Tomescu, Vlad"]
[Black "Kohlweyer, Bernd"]
[Result "1/2-1/2"]
[WhiteElo "2412"]
[BlackElo "2454"]
[PlyCount "48"]
[EventDate "2003.06.06"]

1. e4 c5 2. Nf3 d6 3. d4 cxd4 4. Nxd4 Nf6 5. Nc3 a6 6. Bc4 e6 7. Bb3 b5 8. a3
Be7 9. f3 O-O 10. Be3 Bb7 11. Qd2 Nc6 12. O-O-O Nxd4 13. Qxd4 Qc7 14. g4 Nd7
15. g5 Rac8 16. h4 Ne5 17. f4 Nc4 18. Rhf1 d5 19. exd5 Bxd5 20. Nxd5 exd5 21.
Bxc4 dxc4 22. Qd7 c3 23. Qxc7 cxb2+ 24. Kxb2 Rxc7 1/2-1/2

[Event "IV Festival A"]
[Site "Lido degli Estensi - Comacchio ITA"]
[Date "2003.06.10"]
[Round "4"]
[White "Valenti, Giuseppe"]
[Black "Cavatorta, Fosco"]
[Result "1-0"]
[WhiteElo "2226"]
[BlackElo "1887"]
[PlyCount "77"]
[EventDate "2003.06.06"]

1. e4 d6 2. d4 Nf6 3. Nc3 g6 4. f3 c6 5. Be3 b5 6. Qd2 Nbd7 7. Nge2 Nb6 8. b3
Bb7 9. a4 b4 10. Nd1 a5 11. Nb2 e6 12. c4 Bg7 13. O-O-O Qc7 14. c5 dxc5 15.
dxc5 Nbd7 16. Nc4 O-O 17. Kc2 Ba6 18. Qd6 Qxd6 19. Nxd6 Rfd8 20. Nc1 Bxf1 21.
Rhxf1 Ra7 22. Nd3 e5 23. Nb2 Ne8 24. Nbc4 Nxd6 25. Rxd6 Rc8 26. Rfd1 Rcc7 27.
Nb6 Nf8 28. Rd8 Bf6 29. Re8 Kg7 30. Nc8 Rab7 31. Nd6 Ra7 32. Rb8 Re7 33. Ne8+
Rxe8 34. Rxe8 Ne6 35. Rc8 Ra6 36. Rd7 h5 37. Rb7 Nd4+ 38. Bxd4 exd4 39. Rcc7
1-0

[Event "IV Festival A"]
[Site "Lido degli Estensi - Comacchio ITA"]
[Date "2003.06.11"]
[Round "5"]
[White "Blagojevic, Dragisa"]
[Black "Bonafede, Alessandro"]
[Result "1-0"]
[WhiteElo "2548"]
[BlackElo "2123"]
[PlyCount "69"]
[EventDate "2003.06.06"]

1. d4 Nf6 2. c4 e6 3. g3 c5 4. Nf3 cxd4 5. Nxd4 Nc6 6. Bg2 Be7 7. Nc3 O-O 8.
O-O a6 9. b3 Qc7 10. Bb2 Rd8 11. Rc1 b6 12. Nd5 exd5 13. cxd5 Bb7 14. Nf5 Bf8
15. Nh6+ gxh6 16. Bxf6 Qd6 17. dxc6 Qxf6 18. c7 Bxg2 19. cxd8=Q Rxd8 20. Kxg2
Qf5 21. Qd3 Qxd3 22. exd3 Bc5 23. Rfd1 Kg7 24. d4 Bd6 25. Kf3 f5 26. Ke2 h5 27.
Kd3 Kf6 28. Rc2 Kg5 29. Rdc1 Kg4 30. Rc8 Rxc8 31. Rxc8 Kf3 32. Rd8 Kxf2 33.
Rxd7 Bxg3 34. hxg3 Kxg3 35. Rg7+ 1-0

[Event "IV Festival A"]
[Site "Lido degli Estensi - Comacchio ITA"]
[Date "2003.06.11"]
[Round "5"]
[White "Bukal, Vladimir sr"]
[Black "Felgaer Ziegler, Ruben"]
[Result "1-0"]
[WhiteElo "2414"]
[BlackElo "2547"]
[PlyCount "91"]
[EventDate "2003.06.06"]

1. c4 e5 2. Nc3 Nf6 3. Nf3 Nc6 4. e4 Bb4 5. d3 d6 6. g3 Bg4 7. h3 Bxf3 8. Qxf3
a5 9. Bg2 a4 10. O-O a3 11. Nb5 axb2 12. Bxb2 O-O 13. d4 Qe7 14. Qb3 Ba5 15.
dxe5 Nxe5 16. Nd4 Bb6 17. Nf5 Qe6 18. Rac1 Nfd7 19. Rc2 Nc5 20. Qe3 f6 21. Qe2
Rxa2 22. Kh2 Qf7 23. f4 Nxc4 24. e5 Rxb2 25. Rxb2 Kh8 26. Rc2 Na5 27. exd6 g6
28. Ne3 cxd6 29. Qb5 Bd8 30. Rd1 Qe6 31. Nd5 Nc6 32. Re2 Qf7 33. Ne3 Qc7 34.
Nc4 Be7 35. Red2 Rd8 36. Qb2 Kg7 37. Ne3 Bf8 38. Nd5 Qf7 39. g4 h6 40. h4 Ne6
41. g5 hxg5 42. hxg5 Kh8 43. Kg3 Bg7 44. Rh1+ Kg8 45. gxf6 Bf8 46. Bf3 1-0

[Event "IV Festival A"]
[Site "Lido degli Estensi - Comacchio ITA"]
[Date "2003.06.11"]
[Round "5"]
[White "Cetkovic, Sergio"]
[Black "Franchini, Gabriele"]
[Result "0-1"]
[WhiteElo "2115"]
[BlackElo "2178"]
[PlyCount "138"]
[EventDate "2003.06.06"]

1. d4 Nf6 2. Nf3 e6 3. Bg5 Be7 4. Nbd2 d5 5. e3 c5 6. c3 Nbd7 7. Bd3 Qc7 8. O-O
O-O 9. Rc1 c4 10. Bb1 b5 11. e4 dxe4 12. Nxe4 Bb7 13. Nxf6+ Bxf6 14. Bxf6 Nxf6
15. Ne5 Rad8 16. Re1 Rd5 17. Qe2 Nd7 18. Be4 Nxe5 19. dxe5 Rd7 20. Bxb7 Qxb7
21. Rcd1 Rfd8 22. f4 h6 23. Rxd7 Qxd7 24. Kf1 Qd5 25. Qe4 Qc5 26. Qe3 Qc7 27.
Re2 Rd3 28. Qe4 Qc5 29. a3 a5 30. h4 h5 31. Qb7 g6 32. Qa8+ Kg7 33. Qe4 Rd1+
34. Re1 Rd2 35. Re2 Rd3 36. Re1 b4 37. cxb4 axb4 38. axb4 Qxb4 39. Rc1 Qxb2 40.
Qxc4 Rd2 41. Qc6 Rf2+ 42. Kg1 Rxg2+ 43. Qxg2 Qxc1+ 44. Qf1 Qa3 45. Kg2 Kf8 46.
Qc4 Qa8+ 47. Kg3 Qh1 48. Qc5+ Kg7 49. Qe7 Qg1+ 50. Kf3 Qg4+ 51. Ke3 Qg3+ 52.
Ke4 Qg2+ 53. Ke3 Qd5 54. Qf6+ Kf8 55. Qh8+ Ke7 56. Qf6+ Ke8 57. Qh8+ Kd7 58.
Qf6 Qc5+ 59. Kf3 Qf8 60. Kg3 Kc6 61. Kf3 Kd5 62. Ke3 Qc5+ 63. Ke2 Qc2+ 64. Kf3
Qd3+ 65. Kf2 Qf5 66. Qd8+ Ke4 67. Ke2 Qxf4 68. Qd7 Qe3+ 69. Kf1 Qd3+ 0-1

[Event "IV Festival A"]
[Site "Lido degli Estensi - Comacchio ITA"]
[Date "2003.06.11"]
[Round "5"]
[White "Cioara, Andrei Nestor"]
[Black "Bordi, Kevin"]
[Result "1-0"]
[WhiteElo "2386"]
[BlackElo "2173"]
[PlyCount "53"]
[EventDate "2003.06.06"]

1. e4 c5 2. Nf3 d6 3. d4 cxd4 4. Nxd4 Nf6 5. Nc3 a6 6. Be3 e5 7. Nf3 Be7 8. Bc4
O-O 9. O-O Bg4 10. h3 Bh5 11. Bg5 Nbd7 12. Qd3 b5 13. Bxf6 bxc4 14. Bxe7 Qxe7
15. Nd5 Qd8 16. Qe3 f5 17. exf5 Bf7 18. Rad1 Nf6 19. Nc3 Qb8 20. b3 cxb3 21.
cxb3 Re8 22. Ng5 d5 23. Nxf7 d4 24. Nh6+ Kf8 25. Qc1 Rc8 26. Rxd4 exd4 27. Qa3+
1-0

[Event "IV Festival A"]
[Site "Lido degli Estensi - Comacchio ITA"]
[Date "2003.06.11"]
[Round "5"]
[White "De Vita, Igor"]
[Black "Di Majo, Carlo"]
[Result "1-0"]
[WhiteElo "2158"]
[BlackElo "1830"]
[PlyCount "115"]
[EventDate "2003.06.06"]

1. d4 Nf6 2. c4 e6 3. Nc3 d5 4. Bg5 Be7 5. e3 h6 6. Bh4 Ne4 7. Bxe7 Qxe7 8. Qc2
Nxc3 9. Qxc3 c6 10. Nf3 Nd7 11. Bd3 dxc4 12. Bxc4 b6 13. O-O O-O 14. e4 Bb7 15.
Rfe1 Rac8 16. Rad1 Rfd8 17. a3 a5 18. Ba2 c5 19. d5 e5 20. Nd2 c4 21. a4 Nc5
22. Qa3 Qd7 23. Nxc4 Qxa4 24. Nxb6 Qxa3 25. bxa3 Rb8 26. Nc4 f6 27. Nxa5 Ra8
28. Nxb7 Nxb7 29. d6+ Kf8 30. Bd5 Ra7 31. Bxb7 Rxb7 32. Rd3 Rb6 33. d7 Rb7 34.
Red1 Ke7 35. Kf1 Rc7 36. Ke2 Rc4 37. f3 Rc2+ 38. R1d2 Rc1 39. Kf2 Rc4 40. Kg3
Rc7 41. h4 h5 42. Kf2 Rc4 43. Ke3 Ra4 44. g3 g6 45. g4 Ke6 46. gxh5 gxh5 47. f4
Ra7 48. Rd6+ Ke7 49. R6d3 Ra4 50. fxe5 fxe5 51. Rg2 Rd4 52. Rxd4 exd4+ 53. Kxd4
Rxd7+ 54. Ke5 Rd3 55. Rg7+ Kf8 56. Ra7 Rh3 57. Kf6 Rf3+ 58. Kg5 1-0

[Event "IV Festival A"]
[Site "Lido degli Estensi - Comacchio ITA"]
[Date "2003.06.11"]
[Round "5"]
[White "Efimov, Igor"]
[Black "Miladinovic, Igor"]
[Result "1-0"]
[WhiteElo "2477"]
[BlackElo "2533"]
[PlyCount "121"]
[EventDate "2003.06.06"]

1. e4 c5 2. Nf3 Nc6 3. d4 cxd4 4. Nxd4 Qc7 5. Nc3 e6 6. Be3 a6 7. Qd2 Nf6 8.
O-O-O Bb4 9. f3 b5 10. g4 Ne5 11. g5 Nh5 12. Kb1 Ba5 13. Nb3 Bb6 14. Bxb6 Qxb6
15. f4 Nc4 16. Bxc4 bxc4 17. Nd4 Rb8 18. b3 O-O 19. Rhf1 a5 20. Rf3 Qc7 21.
Rdf1 Ba6 22. R1f2 cxb3 23. axb3 Rfc8 24. Kb2 g6 25. e5 d6 26. Ne4 dxe5 27. fxe5
Qxe5 28. Qe3 Kh8 29. Rxf7 Ng7 30. c3 Bb7 31. Qf3 Rg8 32. Re2 Bxe4 33. Qxe4 Qxg5
34. Nxe6 Qb5 35. Nd4 Qb6 36. Qc6 a4 37. Qxb6 Rxb6 38. b4 g5 39. b5 Rh6 40. Ka3
Rh3 41. Kb4 Nh5 42. Nc6 Nf4 43. Rd2 a3 44. Ra7 Nd3+ 45. Kxa3 Ne1 46. Kb3 Nf3
47. Rd3 g4 48. b6 Rxh2 49. b7 Rh1 50. Ka2 Rh2+ 51. Ka3 Rh1 52. Nb4 Ra1+ 53. Na2
Rb1 54. Rd7 Rb8 55. Rc7 g3 56. Rc8+ Kg7 57. Rxb8 g2 58. Raa8 Ng5 59. Rg8+ Kh6
60. Rxg5 Kxg5 61. Rg8+ 1-0

[Event "IV Festival A"]
[Site "Lido degli Estensi - Comacchio ITA"]
[Date "2003.06.11"]
[Round "5"]
[White "Emami, Madjid"]
[Black "Alberti, Andrea"]
[Result "1/2-1/2"]
[WhiteElo "2031"]
[BlackElo "2174"]
[PlyCount "136"]
[EventDate "2003.06.06"]

1. e4 c5 2. Nf3 e6 3. d3 Nc6 4. g3 Nf6 5. Bg2 d6 6. O-O Be7 7. c3 O-O 8. Na3
Re8 9. Nc2 e5 10. Ne3 d5 11. exd5 Nxd5 12. Nxd5 Qxd5 13. Ng5 Qd6 14. Re1 Bxg5
15. Bxg5 Be6 16. Qh5 f5 17. f4 Bf7 18. Qd1 h6 19. fxe5 Rxe5 20. Rxe5 Qxe5 21.
Bf4 Qf6 22. Qd2 Rd8 23. Re1 Bc4 24. Qf2 Bf7 25. Qxc5 Rxd3 26. a3 a6 27. Rf1 Rd7
28. Be3 Qe6 29. Rxf5 b6 30. Qxc6 Qxf5 31. Qa8+ Kh7 32. Be4 Rd1+ 33. Kg2 Bd5 34.
Qxd5 Rxd5 35. Bxf5+ Rxf5 36. c4 Rf6 37. b4 Kg6 38. a4 Kf5 39. Kf3 Ke5+ 40. Ke2
Ke4 41. b5 axb5 42. axb5 Re6 43. Bf2 g6 44. h4 h5 45. Be3 Rf6 46. Bg1 Rd6 47.
Be3 Kf5 48. Kf3 Rd3 49. Ke2 Rc3 50. Bxb6 Rxc4 51. Bf2 Rb4 52. b6 Kg4 53. Kd3
Kf3 54. Bc5 Rb1 55. Kc4 Kxg3 56. Bb4 Rd1 57. b7 Rd8 58. Be7 Re8 59. Kb5 Kg4 60.
Bg5 Re2 61. Kb6 Rb2+ 62. Kc7 Rc2+ 63. Kb8 Kf5 64. Bd8 Rb2 65. Kc8 Rc2+ 66. Bc7
Rb2 67. b8=Q Rxb8+ 68. Kxb8 g5 1/2-1/2

[Event "IV Festival A"]
[Site "Lido degli Estensi - Comacchio ITA"]
[Date "2003.06.11"]
[Round "5"]
[White "Grigore, Nicolae Petre"]
[Black "Cebalo, Miso"]
[Result "0-1"]
[WhiteElo "2370"]
[BlackElo "2524"]
[PlyCount "90"]
[EventDate "2003.06.06"]

1. e4 c5 2. Nf3 d6 3. d4 Nf6 4. Nc3 cxd4 5. Nxd4 g6 6. Be3 Bg7 7. f3 O-O 8. Qd2
Nc6 9. O-O-O Nxd4 10. Bxd4 Be6 11. Kb1 Qc7 12. g4 Rfc8 13. h4 Qa5 14. a3 Rab8
15. Ne2 Qa4 16. g5 Nh5 17. Bxg7 Kxg7 18. Nc3 Qa5 19. Bh3 b5 20. Qd4+ Kg8 21.
Nd5 Rb7 22. Bxe6 fxe6 23. c3 Qa4 24. Ne3 Rc5 25. Ng4 e5 26. Qxa4 bxa4 27. Ka2
Nf4 28. Rh2 Rc8 29. Ne3 Rf8 30. Nd5 Ne6 31. Rf1 Kg7 32. Rhf2 Nc5 33. Re2 h6 34.
f4 hxg5 35. hxg5 Nd3 36. f5 gxf5 37. exf5 Rxf5 38. Rg1 Kg6 39. Rd1 Nf4 40. Re4
Nxd5 41. Rxd5 Rf2 42. Rb4 Rxb4 43. axb4 e4 44. Rd4 Kf5 45. g6 Rg2 0-1

[Event "IV Festival A"]
[Site "Lido degli Estensi - Comacchio ITA"]
[Date "2003.06.11"]
[Round "5"]
[White "Isonzo, David"]
[Black "Danieli, Enrico"]
[Result "1-0"]
[WhiteElo "2340"]
[BlackElo "2120"]
[PlyCount "105"]
[EventDate "2003.06.06"]

1. e4 c6 2. d4 d5 3. Nc3 dxe4 4. Nxe4 Nf6 5. Nxf6+ exf6 6. c3 Bd6 7. Bd3 O-O 8.
Qc2 Re8+ 9. Ne2 h6 10. O-O Qc7 11. g3 Nd7 12. Bf4 Nf8 13. Rfe1 Bd7 14. Bxd6
Qxd6 15. Nf4 Rxe1+ 16. Rxe1 Re8 17. Rxe8 Bxe8 18. Qe2 Bd7 19. Qe4 b6 20. a3 c5
21. dxc5 Qxc5 22. Qd5 Qxd5 23. Nxd5 Ne6 24. f4 Kf8 25. Kf2 Nc5 26. Bc2 f5 27.
b4 Ne4+ 28. Bxe4 fxe4 29. Ke3 f5 30. Kd4 Kf7 31. Ke5 Be6 32. Ne3 Ke7 33. g4
fxg4 34. f5 Ba2 35. Nxg4 Bb1 36. f6+ gxf6+ 37. Nxf6 e3 38. Nd5+ Kd7 39. Nxe3
Kc6 40. c4 a5 41. Nf5 h5 42. Nd4+ Kc7 43. bxa5 bxa5 44. Kd5 Ba2 45. Kc5 Kd7 46.
Kb5 Kd6 47. Ne2 a4 48. Ng3 Ke5 49. Nxh5 Kd4 50. c5 Bc4+ 51. Kb4 Bd5 52. Nf4 Bc6
53. h4 1-0

[Event "IV Festival A"]
[Site "Lido degli Estensi - Comacchio ITA"]
[Date "2003.06.11"]
[Round "5"]
[White "Khenkin, Igor"]
[Black "Mozes, Ervin"]
[Result "1-0"]
[WhiteElo "2644"]
[BlackElo "2345"]
[PlyCount "95"]
[EventDate "2003.06.06"]

1. d4 d6 2. e4 c6 3. Nc3 e5 4. dxe5 dxe5 5. Qxd8+ Kxd8 6. f4 Nd7 7. Nf3 f6 8.
g3 Bc5 9. Bh3 b5 10. Bxd7 Bxd7 11. fxe5 Bg4 12. exf6 Nxf6 13. Ne5 Re8 14. Bf4
Re6 15. h3 Bh5 16. g4 Be8 17. O-O-O+ Ke7 18. Nd3 Bd4 19. Ne2 Bb6 20. e5 Ne4 21.
Ng3 Nxg3 22. Bxg3 h6 23. Rhe1 g5 24. Bf2 Bxf2 25. Nxf2 Bg6 26. Nd3 Bxd3 27.
Rxd3 a5 28. Red1 Rxe5 29. Rd7+ Kf6 30. Rf1+ Ke6 31. Rh7 Re8 32. Rd1 Rd5 33.
Rxh6+ Kd7 34. Rxd5+ cxd5 35. Rb6 b4 36. Rb5 Kc6 37. Rxa5 Re3 38. Ra6+ Kc5 39.
Rh6 Rg3 40. b3 d4 41. Rh8 d3 42. Rc8+ Kb5 43. cxd3 Rxh3 44. d4 Rd3 45. Rc5+ Kb6
46. Rc4 Kb5 47. Kc2 Rg3 48. Rc5+ 1-0

[Event "IV Festival A"]
[Site "Lido degli Estensi - Comacchio ITA"]
[Date "2003.06.11"]
[Round "5"]
[White "Kohlweyer, Bernd"]
[Black "Manca, Federico"]
[Result "1/2-1/2"]
[WhiteElo "2454"]
[BlackElo "2350"]
[PlyCount "29"]
[EventDate "2003.06.06"]

1. g3 e5 2. c4 Nf6 3. Bg2 c6 4. d4 exd4 5. Qxd4 d5 6. Nf3 Be7 7. cxd5 cxd5 8.
O-O Nc6 9. Qd1 O-O 10. Nbd2 Bc5 11. Nb3 Bb6 12. Nbd4 Re8 13. b3 Nxd4 14. Nxd4
Bg4 15. Be3 1/2-1/2

[Event "IV Festival A"]
[Site "Lido degli Estensi - Comacchio ITA"]
[Date "2003.06.11"]
[Round "5"]
[White "Lazic, Miroljub"]
[Black "Bukal, Vladimir jr"]
[Result "1-0"]
[WhiteElo "2508"]
[BlackElo "2396"]
[PlyCount "87"]
[EventDate "2003.06.06"]

1. Nf3 d5 2. b3 Bg4 3. e3 Nd7 4. Bb2 Ngf6 5. Be2 e6 6. h3 Bxf3 7. Bxf3 Bd6 8.
O-O Qe7 9. c4 c6 10. Nc3 Ba3 11. Bxa3 Qxa3 12. cxd5 cxd5 13. Rc1 O-O 14. Rc2
Rfc8 15. Qb1 Qf8 16. Rfc1 a6 17. d4 b5 18. a4 b4 19. Na2 a5 20. Rc6 Rxc6 21.
Rxc6 Rc8 22. Qc2 Nb6 23. Be2 h5 24. Ba6 Rxc6 25. Qxc6 Qd8 26. Nc1 Ne4 27. Nd3
Nd7 28. Bb5 Ndf6 29. Ne5 Nd6 30. Nd7 Nfe4 31. Ne5 Qh4 32. Nd3 Qd8 33. Ne5 Qh4
34. Qa8+ Kh7 35. Nd3 Qg5 36. Qxa5 Nxf2 37. Nxf2 Qxe3 38. Bd3+ Ne4 39. Bxe4+
dxe4 40. Qxh5+ Kg8 41. Qd1 Qf4 42. d5 e3 43. Ng4 exd5 44. Qf3 1-0

[Event "IV Festival A"]
[Site "Lido degli Estensi - Comacchio ITA"]
[Date "2003.06.11"]
[Round "5"]
[White "Plachkinova Georgieva, Tatjana"]
[Black "Naumkin, Igor"]
[Result "1-0"]
[WhiteElo "2171"]
[BlackElo "2431"]
[PlyCount "53"]
[EventDate "2003.06.06"]

1. d4 e6 2. c4 f5 3. Nf3 Nf6 4. g3 Bb4+ 5. Bd2 Bxd2+ 6. Nbxd2 O-O 7. Bg2 d6 8.
O-O Nc6 9. Re1 e5 10. d5 Ne7 11. e4 f4 12. gxf4 exf4 13. e5 dxe5 14. Nxe5 Nf5
15. Ndf3 a5 16. Qd3 Ra6 17. Rad1 Kh8 18. Ng5 Nh6 19. Bh3 Bxh3 20. Qxh3 Nxd5 21.
Nef7+ Rxf7 22. Nxf7+ Nxf7 23. Rxd5 Rd6 24. Rxd6 Nxd6 25. c5 Qg5+ 26. Kf1 Qxc5
27. Qc8+ 1-0

[Event "IV Festival A"]
[Site "Lido degli Estensi - Comacchio ITA"]
[Date "2003.06.11"]
[Round "5"]
[White "Radovanovic, Jovica"]
[Black "Sarno, Spartaco"]
[Result "0-1"]
[WhiteElo "2233"]
[BlackElo "2425"]
[PlyCount "59"]
[EventDate "2003.06.06"]

1. e4 d6 2. d4 Nf6 3. Nc3 g6 4. Nf3 Bg7 5. Be2 O-O 6. O-O c6 7. a4 a5 8. Re1
Na6 9. h3 Nb4 10. Bf1 Nd7 11. Bg5 Re8 12. Qd2 Nf8 13. Ne2 d5 14. exd5 Nxd5 15.
Ng3 Qb6 16. c4 Nf6 17. Rad1 Be6 18. Be3 Qb3 19. Ne5 Qxa4 20. Qc1 N8d7 21. f4
Qb4 22. Bd3 Nxe5 23. fxe5 Nd7 24. Bh6 Nf8 25. Bxg7 Kxg7 26. Qg5 Rad8 27. Bb1
Rxd4 28. Rc1 Qd2 29. Nh5+ Kh8 30. Qg3 0-1

[Event "IV Festival A"]
[Site "Lido degli Estensi - Comacchio ITA"]
[Date "2003.06.11"]
[Round "5"]
[White "Ronchetti, Niccolo'"]
[Black "Di Lazzaro, Gabriele"]
[Result "1/2-1/2"]
[WhiteElo "2224"]
[BlackElo "1996"]
[PlyCount "110"]
[EventDate "2003.06.06"]

1. e4 c5 2. Nf3 d6 3. d4 cxd4 4. Nxd4 Nf6 5. Nc3 Nc6 6. Bc4 Qb6 7. Nxc6 bxc6 8.
O-O g6 9. e5 dxe5 10. Qe2 Qc7 11. f4 e4 12. Nxe4 Nxe4 13. Qxe4 Bf5 14. Qd4 Qb6
15. Be3 Qxd4 16. Bxd4 Rg8 17. c3 Bg7 18. Bc5 e6 19. Rad1 Bc2 20. Rd2 Ba4 21.
Bb3 Bxb3 22. axb3 Bf8 23. Bxf8 Rxf8 24. Rfd1 Ke7 25. Rd7+ Kf6 26. b4 a5 27.
bxa5 Rxa5 28. Rc7 Rd5 29. Ra1 c5 30. Raa7 Rd2 31. b3 Rd5 32. Kf2 e5 33. c4 Rd2+
34. Ke3 Rb2 35. fxe5+ Kxe5 36. Rxc5+ Kf6 37. Rb5 Rxg2 38. c5 Rxh2 39. c6 Rc2
40. Rb6 Kg5 41. Kd3 Rc5 42. Kd4 Rc1 43. b4 Rd8+ 44. Ke3 Re8+ 45. Kd2 Rc4 46.
Rxf7 Rd8+ 47. Ke3 h5 48. c7 Rc8 49. Rb7 h4 50. b5 h3 51. b6 Re8+ 52. Kd3 h2 53.
Rf1 Ree4 54. c8=Q Red4+ 55. Ke3 Re4+ 1/2-1/2

[Event "IV Festival A"]
[Site "Lido degli Estensi - Comacchio ITA"]
[Date "2003.06.11"]
[Round "5"]
[White "Straub, Peter"]
[Black "Brumen, Dinko"]
[Result "0-1"]
[WhiteElo "2123"]
[BlackElo "2371"]
[PlyCount "62"]
[EventDate "2003.06.06"]

1. e4 e6 2. Qe2 e5 3. Nf3 Nc6 4. c3 d6 5. d4 Nf6 6. Bg5 Be7 7. Nbd2 O-O 8.
O-O-O exd4 9. cxd4 a5 10. Kb1 Bg4 11. Qe3 Re8 12. Bd3 Nb4 13. h3 Bh5 14. Bxf6
Bxf6 15. Ka1 a4 16. a3 Nd5 17. exd5 Rxe3 18. fxe3 c5 19. g4 Bg6 20. Bxg6 hxg6
21. Ne4 Qe7 22. Nxf6+ gxf6 23. dxc5 Qxe3 24. Nd4 dxc5 25. Nb5 Rd8 26. Nc3 Qf3
27. Rdf1 Qg2 28. Rhg1 Qxh3 29. Ne4 Kg7 30. Nxf6 c4 31. Ne4 Rxd5 0-1

[Event "IV Festival A"]
[Site "Lido degli Estensi - Comacchio ITA"]
[Date "2003.06.11"]
[Round "5"]
[White "Sulava, Nenad"]
[Black "Popa, Claudiu"]
[Result "1-0"]
[WhiteElo "2516"]
[BlackElo "2122"]
[PlyCount "73"]
[EventDate "2003.06.06"]

1. c4 e6 2. d4 d5 3. Nf3 Nf6 4. g3 dxc4 5. Bg2 c5 6. O-O Nc6 7. dxc5 Qxd1 8.
Rxd1 Bxc5 9. Nbd2 O-O 10. Nxc4 Ng4 11. e3 Rb8 12. h3 Nf6 13. Nfe5 Rd8 14. Rxd8+
Nxd8 15. Bd2 Nd7 16. Bc3 b5 17. Rd1 bxc4 18. Nxd7 Bxd7 19. Rxd7 Rc8 20. a4 Kf8
21. Bb7 Nxb7 22. Rxb7 f6 23. Kf1 Rc6 24. Ke2 a6 25. Kd2 Bd6 26. Kc2 Bc7 27. Ra7
e5 28. Ra8+ Ke7 29. Rg8 g5 30. Rg7+ Ke6 31. Rxh7 Kf5 32. Kd2 e4 33. Re7 Be5 34.
g4+ Kg6 35. Bxe5 fxe5 36. Rxe5 Rb6 37. Kc2 1-0

[Event "IV Festival A"]
[Site "Lido degli Estensi - Comacchio ITA"]
[Date "2003.06.11"]
[Round "5"]
[White "Timoscenko, Gennadij A."]
[Black "Thompson, Ian D."]
[Result "1-0"]
[WhiteElo "2533"]
[BlackElo "2290"]
[PlyCount "55"]
[EventDate "2003.06.06"]

1. d4 e6 2. c4 b6 3. a3 Bb7 4. Nc3 Nf6 5. d5 Bd6 6. Nf3 c6 7. e4 Qc7 8. Bg5 Ng8
9. Qd2 f6 10. Be3 Na6 11. Nd4 Rd8 12. dxc6 dxc6 13. Nxe6 Qe7 14. Nxd8 Qxd8 15.
O-O-O Bc7 16. Qxd8+ Bxd8 17. Be2 Ne7 18. b4 c5 19. b5 Nc7 20. Bg4 Ng6 21. f4
Nf8 22. Nd5 Nce6 23. Rhe1 h5 24. Bxe6 Nxe6 25. f5 Nf8 26. Bf4 g5 27. Nc7+ Bxc7
28. Bxc7 1-0

[Event "IV Festival A"]
[Site "Lido degli Estensi - Comacchio ITA"]
[Date "2003.06.11"]
[Round "5"]
[White "Tocco, Paolo"]
[Black "Valenti, Giuseppe"]
[Result "0-1"]
[WhiteElo "2144"]
[BlackElo "2226"]
[PlyCount "62"]
[EventDate "2003.06.06"]

1. d4 Nf6 2. Nc3 c5 3. d5 e5 4. e4 d6 5. f4 Qa5 6. Qd3 Nbd7 7. Nf3 a6 8. fxe5
dxe5 9. Bg5 Qb6 10. O-O-O Qd6 11. a4 h6 12. Bxf6 Nxf6 13. Nd2 Qc7 14. Nc4 Bd6
15. Be2 O-O 16. Rhf1 Bd7 17. Rxf6 gxf6 18. Qg3+ Kh7 19. Qh4 b5 20. Ne3 Qd8 21.
Nf5 Bxf5 22. exf5 e4 23. Nxe4 Be5 24. Rd3 Rh8 25. Bh5 c4 26. Rh3 Kg7 27. Nc5
Qd6 28. Qg4+ Kf8 29. Ne4 Qxd5 30. Rg3 Bxg3 31. hxg3 Re8 0-1

[Event "IV Festival A"]
[Site "Lido degli Estensi - Comacchio ITA"]
[Date "2003.06.11"]
[Round "5"]
[White "Trabert, Bettina"]
[Black "Opacic, Alexandar"]
[Result "1-0"]
[WhiteElo "2292"]
[BlackElo "2063"]
[PlyCount "123"]
[EventDate "2003.06.06"]

1. e4 c5 2. Nf3 Nc6 3. d4 cxd4 4. Nxd4 Nf6 5. Nc3 e5 6. Ndb5 d6 7. Bg5 a6 8.
Na3 b5 9. Nd5 Be7 10. Bxf6 Bxf6 11. c3 Bg5 12. Nc2 Be6 13. a4 bxa4 14. Rxa4
Bxd5 15. exd5 Ne7 16. Bxa6 O-O 17. O-O f5 18. Nb4 f4 19. Be2 Rb8 20. Bf3 Qe8
21. Be4 f3 22. Nd3 fxg2 23. Bxg2 Ng6 24. Rg4 Bf4 25. Be4 Rf6 26. Re1 h5 27.
Rxg6 Rxg6+ 28. Bxg6 Qxg6+ 29. Kh1 Rf8 30. Qe2 Qf5 31. f3 Bg5 32. Kg2 Bh4 33.
Rf1 Bd8 34. Nf2 Rf6 35. Ne4 Rg6+ 36. Kh1 Bb6 37. c4 h4 38. b4 h3 39. c5 dxc5
40. bxc5 Ba7 41. d6 Qe6 42. Rc1 Kh7 43. Qc4 Qf5 44. Qd3 Qf4 45. Rc2 Qh4 46. Qd1
Bb8 47. Rb2 Qf4 48. Rxb8 Rg2 49. Ng3 g6 50. d7 Qe3 51. Rh8+ Kg7 52. Nh5+ gxh5
53. Rg8+ Kh6 54. Rxg2 hxg2+ 55. Kxg2 Qg5+ 56. Kh1 Qd8 57. Qd6+ Kh7 58. c6 Qa5
59. Qd3+ Kh6 60. d8=Q Qe1+ 61. Kg2 e4 62. Q3d6+ 1-0

[Event "IV Festival A"]
[Site "Lido degli Estensi - Comacchio ITA"]
[Date "2003.06.11"]
[Round "5"]
[White "Vassallo Barroche, Mauricio"]
[Black "Shytaj, Luca"]
[Result "1/2-1/2"]
[WhiteElo "2440"]
[BlackElo "2327"]
[PlyCount "85"]
[EventDate "2003.06.06"]

1. d4 Nf6 2. Nf3 g6 3. Bg5 Bg7 4. c3 O-O 5. Nbd2 d5 6. e3 Nbd7 7. Be2 c6 8. O-O
h6 9. Bh4 g5 10. Bg3 Nh5 11. Bd3 Nxg3 12. hxg3 f5 13. Qc2 e6 14. c4 Qf6 15. b4
g4 16. Nh4 Nb6 17. a4 Bd7 18. a5 Nc8 19. b5 Ne7 20. bxc6 Bxc6 21. c5 a6 22.
Rab1 Qg5 23. Rb6 Bf6 24. Rfb1 Qh5 25. Rxb7 Bxb7 26. Rxb7 Qe8 27. Rb6 Nc8 28.
Rb4 Bd8 29. Qa2 Na7 30. Rb7 Rf7 31. Nb3 Nc6 32. Rb6 Bxb6 33. cxb6 Nb4 34. Qd2
Qa4 35. Qc3 Rg7 36. Bf1 Rb8 37. Kh2 Kh7 38. Kg1 Nc6 39. Kh2 Nxa5 40. Nc5 Qc6
41. Qxa5 Qxb6 42. Qa4 Qd6 43. Bd3 1/2-1/2